|
|
|
|
| LEADER |
00687cam a2200217 7i4500 |
| 001 |
0000024558 |
| 005 |
20170218090000.0 |
| 008 |
081013 eng |
| 020 |
|
|
|a 020549370x
|
| 020 |
|
|
|a 9780205493708
|
| 040 |
|
|
|a DLC
|
| 090 |
0 |
0 |
|a P90
|b .V53 2008
|
| 100 |
1 |
|
|a Vivian, John
|
| 245 |
1 |
4 |
|a The media of mass communication
|c John Vivian.
|
| 250 |
|
|
|a 8th ed/2008 update.
|
| 260 |
|
|
|a Boston:
|b Pearson,
|c 2008.
|
| 300 |
|
|
|a xxvii, 516 p.:
|b ill., col.;
|c 28 cm.
|
| 500 |
|
|
|a Includes index
|
| 650 |
0 |
0 |
|a Mass media
|
| 997 |
|
|
|a Communication, Visual Art & Computing, Faculty
|b Communication, Department
|
| 999 |
|
|
|a 0000024837
|b BOK
|c OPEN SHELF
|e 1st Floor, Bestari Jaya
|